000 00622nam a22002177a 4500
001 00028850
005 20260423145523.0
008 260423b ag ||||| |||| 00| 0 spa d
040 _aAR-CcCEOS
_bspa
_cAR-CcCEOS
041 _aspa
080 _a930.9
090 _bPIE t.4
100 1 _aPietri, Luce
_91100
245 _aEl mundo y su historia IV :
_bLa edad media (Siglos V a XV) /
_cLuce Pietri
250 _a1ยช ed.
264 _aBarcelona :
_bArgos,
_cc1969.
300 _a625 p. ;
_c24x18 cm.
490 _vHistoria Universal ; t.4 LA EDAD MEDIA
650 0 _aHISTORIA UNIVERSAL
_91103
942 _2udc
_cBK
_n0
999 _c28891
_d28891